| 000 | 00821cam a22002413a 4500 | ||
|---|---|---|---|
| 001 | 14210 | ||
| 003 | PGUSA | ||
| 005 | 20140828083314.0 | ||
| 008 | 041129s2004||||xxu|||||s|||||000 | eng d | ||
| 040 |
_aPGUSA _beng |
||
| 042 | _adc | ||
| 050 | 4 | _aDT | |
| 100 | 1 |
_aMathuisieulx, A. de, _d1860- |
|
| 245 | 1 | 0 |
_aIn het bergland van Tripolis : _bDe Aarde en haar Volken, 1906 _h[electronic resource] / _cA. de Mathuisieulx |
| 260 |
_bProject Gutenberg, _c2004 |
||
| 500 | _aProbably derived from: À travers la Tripolitaine by M. de Mathuisieulx, from Tour du monde, 1902, p. 553-624. | ||
| 506 | _aPublic domain in the USA. | ||
| 516 | _aElectronic text | ||
| 653 | _aTripoli (Libya) -- Description and travel | ||
| 830 | 0 |
_aProject Gutenberg _v14210 |
|
| 856 | 4 | 0 | _uhttp://www.gutenberg.org/ebooks/14210 |
| 942 | _cEB | ||
| 999 |
_c243465 _d243465 |
||